Loading...
| Mythology | 0 | 4 | 0 | 1 | 40 | 85 | 116.00 | 1 | 1 | 3.88 | 13.64 |
| Religion | 0 | 3 | 1 | 1 | 25 | 97 | 122.67 | 0 | 0 | 2.57 | 9.09 |
| History - Other | 0 | 2 | 0 | 0 | 20 | 123 | 129.50 | 0 | 0 | 0.21 | 7.27 |
| Fine Arts - Painting and Sculpture | 0 | 2 | 0 | 1 | 20 | 67 | 102.00 | 0 | 1 | 4.96 | 9.09 |
| Other Academic | 0 | 1 | 0 | 0 | 10 | 103 | 103.00 | 1 | 1 | 10.89 | 33.33 |
| Social Science | 0 | 1 | 0 | 0 | 10 | 67 | 67.00 | 0 | 1 | 3.70 | 7.27 |
| History - World | 0 | 1 | 0 | 1 | 10 | 127 | 127.00 | 0 | 0 | 0.00 | 2.73 |
| History - American | 0 | 1 | 0 | 0 | 10 | 124 | 124.00 | 0 | 0 | 0.21 | 3.64 |
| Science - Biology | 0 | 1 | 1 | 1 | 5 | 117 | 117.00 | 0 | 0 | 0.08 | 4.55 |
| Science - Chemistry | 0 | 0 | 0 | 0 | 0 | 0.00 | 0 | 0 | 0.00 | 0.00 | |
| Literature - British | 0 | 0 | 0 | 0 | 0 | 0.00 | 0 | 0 | 0.00 | 0.00 | |
| Literature - World | 0 | 0 | 1 | 0 | -5 | 0.00 | 0 | 0 | 0.00 | 0.00 | |
| Fine Arts - Other | 0 | 0 | 1 | 0 | -5 | 0.00 | 0 | 0 | 0.00 | 0.00 | |
| Geography | 0 | 0 | 1 | 0 | -5 | 0.00 | 0 | 0 | 0.00 | 0.00 | |
| Current Events | 0 | 0 | 1 | 0 | -5 | 0.00 | 0 | 0 | 0.00 | 0.00 | |
| Pop Culture | 0 | 0 | 1 | 0 | -5 | 0.00 | 0 | 0 | 0.00 | 0.00 |